| 000 | 00400nam a22001697a 4500 | ||
|---|---|---|---|
| 005 | 20241122141916.0 | ||
| 008 | 160627b xxu||||| |||| 00| 0 eng d | ||
| 020 | _a978-81-86775-21-9 | ||
| 041 | _aeng | ||
| 082 | _b10632 | ||
| 100 |
_aKiyosaki, Robert T _92931 |
||
| 245 | _aRich Dad poor Dad (Hindi) | ||
| 260 |
_bManjul Publishing _c2009 |
||
| 300 | _a212 | ||
| 650 | _aManagement | ||
| 942 | _cBK | ||
| 999 |
_c4243 _d4242 |
||